Monarcas do Brasil - Statistics

Estatísticas Gerais
  • Esse quiz foi jogado 78 vezes
  • A pontuação média é 15 de 20
Estatísticas das Respostas
Reinado Monarca Casa Real % Correto
2003–2010 Luiz Inácio I da Silva
100%
1951–1954 Getúlio I Vargas
94%
2011–2016 Dilma I Rousseff
89%
1990–1992 Fernando I Collor de Mello
87%
1995–2002 Fernando II Cardoso
87%
2018– Jair I Bolsonaro
87%
1954–1956 João I Café–Filho
87%
1961–1964 João II Goulart
87%
1979–1985 João III Figueiredo
87%
2016–2018 Michel I Temer
87%
1961 Jânio Quadros
86%
1956–1961 Juscelino I Kubitschek
84%
1985–1990 José I Sarney
83%
1992–1994 Itamar I Franco
76%
1974–1979 Ernesto I Geisel
66%
1946–1951 Eurico I Gaspar–Dutra
60%
1967–1969 Artur I Da Costa e Silva
53%
1969–1974 Emílio I Médici
51%
1964–1967 Humberto I Castelo–Branco
46%
1930-1945 Getúlio I Vargas
33%
Nenhum quiz correspondente encontrado
Distribuição das Pontuações
Porcentagem de Pessoas com Cada Pontuação
Percentil de Números Respondidos
Sua Pontuação Histórica
Você não jogou esse quiz